000 00575nam a2200229Ia 4500
003 OSt
005 20220924132946.0
006 a|||||r|||| 00| 0
007 ta
008 220923b |||||||| |||| 00| 0 ara d
024 _a254621
037 _cTextual
040 _aARTS
_cARTS
_bara
041 _2ara
_aara
082 _aO28vL, K2.3
100 _aAbdul Halim Nijar
_9205378
245 0 _aTarikh al adab al arabi
260 _c1962
650 _aARABIC LITERATURE
942 _hO28vL, K2.3
_cTEXL
_2CC
999 _c432159
_d432159